|
|
|
|
| LEADER |
01122nam a2200277 4500 |
| 001 |
0023791 |
| 003 |
BD-DhAAL |
| 008 |
111123s1998 bg w 000 0 mul d |
| 040 |
|
|
|a BD-DhAAL
|c BD-DhAAL
|
| 082 |
0 |
0 |
|a 348.5492046
|2 22
|
| 245 |
0 |
4 |
|a The Mainstream Law Reports.
|n Volume III /
|c editor in charge Abu Hena Mohammad Mohsin
|
| 246 |
1 |
7 |
|a MLR
|
| 260 |
|
|
|a Dhaka :
|b Shahanaj Khondaker,
|c 1998
|
| 300 |
|
|
|a Various pagings ;
|c 24 cm
|
| 362 |
0 |
|
|a Vol. 3
|
| 500 |
|
|
|a Regd. DA-NO 50/95, Vol-III
|
| 500 |
|
|
|a Citation :3 MLR (AD)(HC)
|
| 500 |
|
|
|a a monthly legal journal
|
| 541 |
|
|
|e 00023791
|
| 650 |
|
0 |
|a Law reports, digests, etc.
|z Bangladesh.
|
| 700 |
1 |
|
|a Mohsin, Abu Hena Mohammad.
|9 59441
|
| 852 |
1 |
|
|a Ayesha Abed Library
|
| 942 |
|
|
|2 ddc
|c 1HOUR
|
| 999 |
|
|
|c 11488
|d 11488
|
| 952 |
|
|
|0 0
|1 0
|2 ddc
|4 0
|6 348_549204600000000_MAI
|7 0
|9 18653
|a BRACUL
|b BRACUL
|c REF
|d 2011-11-23
|l 2
|o 348.5492046 MAI
|p 3010023791
|r 2017-03-16
|s 2017-03-16
|t 1
|w 2011-11-23
|y 1HOUR
|
| 952 |
|
|
|0 0
|1 0
|2 ddc
|4 0
|6 348_549204600000000_MAI
|7 0
|9 19884
|a BRACUL
|b BRACUL
|c REF
|d 2012-04-04
|l 3
|o 348.5492046 MAI
|p 3010024863
|r 2017-02-07
|s 2017-02-07
|t 2
|w 2012-04-04
|y 1HOUR
|